Príručka ekonomických ukazovateľov v poľnohospodárstve
Enregistré dans:
| Auteur principal: | |
|---|---|
| Autres auteurs: | , , |
| Format: | Livre |
| Langue: | slovaque |
| Publié: |
Bratislava
Príroda
1985
|
| Édition: | 1. vyd. |
| Tags: |
Pas de tags, Soyez le premier à ajouter un tag!
|
MARC
| LEADER | 00000nam a2200000 4500 | ||
|---|---|---|---|
| 001 | c029786 | ||
| 005 | 20221220082141.1 | ||
| 041 | 0 | |a slo | |
| 044 | |a SK | ||
| 245 | 1 | 0 | |a Príručka ekonomických ukazovateľov v poľnohospodárstve |c R.A. Ivanuch, M.M. Pantelejčuk, I.V. Popovič ; [Z rus. prel.] Martin Ostrovský |
| 250 | |a 1. vyd. | ||
| 264 | 1 | |a Bratislava |b Príroda |c 1985 | |
| 300 | |a 303 s. | ||
| 100 | 1 | |a Ivanuch, R.A. | |
| 700 | 1 | |a Pantelejčuk, M.M. | |
| 700 | 1 | |a Popovič, I.V. | |
| 700 | 1 | |a Ostrovský, Martin | |